Flags of Separatist Movements in Spain - Statistics

General Stats
  • This quiz has been taken 28 times
  • The average score is 6 of 8
Answer Stats
Picture Hint Answer % Correct
Voted for independence back in 2018 Catalonia
100%
Culturally similar to Portugal Galicia
83%
Nation that is not related to any Europeans Basque Country
71%
Culturally similar to Andorra Aragon
67%
Once home to Muslims that got destroyed by the Catholics Andalusia
63%
Greenest region Asturias
63%
Western region Extremadura
58%
Home to native Guanche people that were wiped out by the Spanish Empire Canary Islands
46%
No matching quizzes found
Score Distribution
Percent of People with Each Score
Percentile by Number Answered
Your Score History
You have not taken this quiz